Normale Ansicht MARC-Ansicht ISBD

Das Abseits als sicherer Ort (Titelsatznr. 57350)

[ MARC ]
MARC-Details
000 -Satzkennung
Kontrollfeld mit fester Länge 01334nam a2200397 cb4500
001 - Kontrollnummer
Kontrollfeld BV003366678
003 - Kontrollnummer Identifier
Kontrollfeld DE-604
005 - Datum und Zeit der letzten Transaktion
Kontrollfeld 20231222141534.0
007 - Feld mit fester Länge zur physischen Beschreibung - Allgemeine Information
Kontrollfeld mit fester Länge t
008 - Feld mit fester Länge zur physischen Beschreibung - Allgemeine Angaben
Kontrollfeld mit fester Länge 900725s1980 a||| |||| 00||| ger d
020 ## - Internationale Standardbuchnummer
Internationale Standardbuchnummer 3803120667
Verknüpfung 3-8031-2066-7
035 ## - Systemkontrollnummer
System-Kontrollnummer (OCoLC)6920781
035 ## - Systemkontrollnummer
System-Kontrollnummer (DE-599)BVBBV003366678
040 ## - Katalogisierungsquelle
Original-Katalogisierungsstelle DE-604
Katalogisierungssprache ger
Übertragungsstelle RU-10907106
041 0# - Sprachcode
Sprachcode des Textes/der Tonspur oder des separaten Titels ger
100 1# - Haupteintragung - Personenname
Personenname Brückner, Peter
Datumsangaben in Verbindung mit einem Namen 1922-1982
Funktionsbezeichnung VerfasserIn
IDN des Normdatensatzes oder Standardnummer (DE-588)118515888
Funktionsbezeichnungscode aut
Koha-Normdatenidentnummer 24121
245 14 - Titel
Titel Das Abseits als sicherer Ort
Zusatz zum Titel Kindheit und Jugend zwischen 1933 und 1945
Verfasserangabe etc. Peter Brückner
264 #1 - Produktion, Veröffentlichung, Distribution, Herstellung und Urheberrechtsvermerk
Herstellungs-, Veröffentlichungs- Vertriebs-, Erzeugungsort Berlin :
Produzent, Herausgeber, Distributor, Hersteller Verlag Klaus Wagenbach,
Datum der Herstellung, der Veröffentlichung, des Vertriebs oder des Urheberschutzvermerks 1980.
300 ## - Physische Beschreibung
Umfang 154 Seiten
Andere physische Details Illustrationen
336 ## - Inhaltstyp
Inhaltstypterm Text
Inhaltstypcode txt
Quelle rdacontent
337 ## - Medientyp
Bezeichnung des Medientyps Ohne Hilfsmittel zu benutzen
Medientypcode n
Quelle rdamedia
338 ## - Datenträgertyp
Datenträgertypbezeichnung Band
Datenträgertypcode nc
Quelle rdacarrier
490 1# - Gesamttitelangabe
Gesamttitelangabe Wagenbachs Taschenbücherei
Bandnummer/Folgebezeichnung 66
600 14 - Nebeneintragung unter einem Schlagwort - Personenname
Personenname Brückner, Peter
648 ## - Nebeneintragung unter einem Schlagwort - Zeitschlagwort
Zeitschlagwort 1933-1945
Koha-Normdatenidentnummer 1071
650 #7 - Nebeneintragung unter einem Schlagwort - Sachschlagwort
Sachschlagwort oder geografischer Name als Eintragungselement Nationalsozialismus
650 07 - Nebeneintragung unter einem Schlagwort - Sachschlagwort
Sachschlagwort oder geografischer Name als Eintragungselement Drittes Reich
IDN des Normdatensatzes oder Standardnummer (DE-588)4013021-6
Quelle der Ansetzung oder des Terms gnd
Koha-Normdatenidentnummer rswk-swf
650 07 - Nebeneintragung unter einem Schlagwort - Sachschlagwort
Sachschlagwort oder geografischer Name als Eintragungselement Kindheitsforschung
Koha-Normdatenidentnummer 26540
651 ## - Nebeneintragung unter einem Schlagwort - Geografischer Name
Geografischer Name Deutschland
655 #7 - Indexierungsterm - Genre/Form
IDN des Normdatensatzes
Genre/Form oder fokussierter Term Autobiografie
Quelle der Ansetzung oder des Terms gnd-content
Koha-Normdatenidentnummer 680
830 #0 - Nebeneintragung unter dem Gesamttitel - Einheitstitel
Einheitstitel Wagenbachs Taschenbücherei
Bandnummer/Folgebezeichnung 66
Datensatzkontrollnummer (DE-604)BV000005195
Koha-Normdatenidentnummer 24122
942 ## - Zusätzliche Felder (Koha)
Klassifikation oder Aufstellungssystematik Andere/Generische Klassifikation
Koha-Medientyp Monographien
Exemplare
Ausgeschieden Verloren Klassifikation oder Aufstellungssystematik Beschädigt Nicht entleihbar Heimatbibliothek Aufenthaltsbibliothek Aufstellungsort Erwerbungsdatum Inventarnummer Signatur Barcode Letzte Aktivität Preis gültig von Koha-Medientyp
    Andere/Generische Klassifikation     MWN Osteuropa MWN Osteuropa Lesesaal - 1 01/08/2021 23-00523 D 52 k Brü 2 E00401082D371FBF 01/08/2021 01/08/2021 Monographien